Chess Openings by Picture - Statistics

General Stats
  • This quiz has been taken 145 times
  • The average score is 11 of 16
Answer Stats
Picture Answer % Correct
Queen's Gambit
91%
Italian Opening
89%
Caro Kann Defence
87%
Spanish Opening
87%
Sicilian Defence
84%
Scandinavian Defence
81%
London System
80%
English Opening
74%
Dutch Defence
72%
French Defence
72%
King's Indian Defence
67%
Scotch Game
65%
Petrov Defence
57%
Bird Opening
46%
King's Indian Attack
41%
Trompowsky Attack
37%
No matching quizzes found
Score Distribution
Percent of People with Each Score
Percentile by Number Answered
Your Score History
You have not taken this quiz